1616 1139 1911 1715 1578 1916 1065 1089 1108 1807 1802 1901 1751 1107 1474 1737 1196 1316 1762 1174 1519 1406 1818 1432 1398 1952 1160 1475 1829 1256 1939 1391 1869 1242 1740 1970 1508 1843 1872 1252 1513 1469 1055 1585 1525 1186 1834 1599 1286 1332 1258 1284 1678 1091 1402 1818 1547 1589 1230 1487 1014 1219 1252 1550 1660 1564 1183 1685 1976 1409 1120 1292 1514 1269 1053 1499 1429 1917 1537 1219 1347 1114 1632 1392 1576 1984 1028 1362 1156 1285 1388 1278 1503 1499 1660 1237 1502 1539 1151 BCNSPRNW ULIB Ver.6.0+V

เปลี่ยนเป็นภาษาไทย

Change to English
 แสดงรายละเอียดบรรณานุกรม
  กลับหน้าหลัก

Brief Record : Get Marc (ISO 2709) : E-mail record : QR code < ปิดหน้าต่าง
LEADER : 00000nam a22002538a 4500
001    13399114493
003     ULIB
008    110708s2007 us 001 0 eng d
020    ^a9780763746421
060 04 ^aWT31^bH236
100 10 ^a Cathy Jo Cress.
245 00 ^aHandbook of geriatric care management /^c[edited by] Cathy
250    ^a3 rd ed.
260    ^aSudbury, MA. :^bJones & Bartlett Learning,^cc2012.
300    ^axviii, 524 p. :^bill. ;^c26 cm.
504    ^aIncludes bibliographical references and index.
650  0 ^aGeriatrics.
650  2 ^aPractice Management^xorganization & administration
650  2 ^aHealth Services of the Aged^xorganization &
700 1  ^aCress, Cathy, Jo,^eed.
945    ^p0^l0^i031615
995    ^a Kesorn
999 ^a ใช้งานได้ทุกระบบ
รายการนี้ยังไม่มีแท็ก
คุณยังไม่ได้ล็อกอิน คุณสามารถมีกิจกรรมร่วมกับเว็บไซต์ได้ แต่ต้องล็อกอินก่อน ::
  ล็อกอิน

รายการสื่อสารสนเทศ

ลำดับที่ ประเภท เลขเรียก/บาร์โค้ด สถานที่ สถานะ
- ไม่พบข้อมูล -

รายการใกล้เคียง
    หัวเรื่อง [Geriatrics.]

BibComment


ยังไม่เคยถูกคอมเมนท์

คอมเมนท์ทรัพยากรรายการนี้
  คอมเมนท์: Handbook of geri..


 Copyright 2026. Bcnsprnw @Library